Statistics for Countries by Definition Quiz #1

Click here to take the quiz!

General Stats

  • This quiz has been taken 26 times
  • The average score is 14 of 17

Answer Stats

DefinitionCountry% Correct
Joined together politically, for a common purpose, or by common feelings.{United} States
100%
Require the payment of before it can be acquired or done.{Cost}a Rica
96%
Denoting a miniature version of something.Do{mini}ca
96%
A state in which supreme power is held by the people and their elected representatives, and which has an elected or nominated president rather than a monarch.Dominican {Republic}
96%
The part of the earth's surface that is not covered by water, as opposed to the sea or the air.Fin{land}
96%
Past participle of do.in{done}sia
96%
A heavy club with a spiked metal head.North {Mace}donia
96%
A country, state, or territory ruled by a king or queen.United {Kingdom}
96%
An ugly old woman.Mi{crone}sia
92%
Lower in position.{Nether}lands
92%
The direction towards the point of the horizon 90° clockwise from east.{South} Africa
92%
A word or set of words by which a person or thing is known, addressed, or referred to.Suri{name}
92%
A town or village under the shadow of a castle.Luxem{bourg}
88%
A native or inhabitant of Afghanistan.{Afghan}istan
72%
A letter of an ancient Germanic alphabet, related to the Roman alphabet.B{rune}i
60%
(of an elected body) having no political party with an overall majority.{Hung}ary
40%
A piece of waste material removed from card or tape by punching.{Chad}
36%

Score Distribution

Percentile by Number Answered

Percent of People with Each Score

Your Score History

You have not taken this quiz